[Event "World Championship (rapid) 2015"]
[Site "Berlin GER"]
[Date "2015.10.10"]
[Round "5"]
[White "Leko, Peter"]
[Black "Vidit, Santosh Gujrathi"]
[Result "1/2-1/2"]
[WhiteElo "2707"]
[BlackElo "2651"]
[PlyCount "43"]
[EventDate "2015.10.10"]

1. e4 e6 2. d4 d5 3. Nc3 Nf6 4. Bg5 dxe4 5. Nxe4 Be7 6. Bxf6 gxf6 7. Nf3 f5 8.
Nc3 a6 9. g3 b5 10. Bg2 Bb7 11. O-O c5 12. Ne2 cxd4 13. Nexd4 Nc6 14. c3 Bf6
15. a4 Nxd4 16. Nxd4 Bxg2 17. Kxg2 b4 18. Nc6 Qxd1 19. Rfxd1 bxc3 20. bxc3 Bxc3
21. Rab1 O-O 22. Rd7 1/2-1/2

[Event "World Championship (rapid) 2015"]
[Site "Berlin GER"]
[Date "2015.10.10"]
[Round "5"]
[White "Akopian, Vladimir"]
[Black "Nguyen, Ngoc Truong Son"]
[Result "0-1"]
[WhiteElo "2648"]
[BlackElo "2634"]
[PlyCount "88"]
[EventDate "2015.10.10"]

1. e4 e5 2. Nf3 Nc6 3. Bb5 a6 4. Ba4 Nf6 5. d3 Bc5 6. c3 d6 7. O-O O-O 8. Bg5
h6 9. Bh4 b5 10. Bb3 Bb6 11. Kh1 Be6 12. Nbd2 Qe7 13. Bd5 Bd7 14. a4 g5 15. Bg3
Rab8 16. axb5 axb5 17. Re1 Nxd5 18. exd5 Nd8 19. d4 f6 20. c4 bxc4 21. Nxc4 Bg4
22. Ne3 Bd7 23. Nc4 Bg4 24. Ne3 Bc8 25. Nc4 e4 26. Nfd2 f5 27. f3 f4 28. Rxe4
Qf7 29. Bf2 Bf5 30. Re1 Qxd5 31. Nxb6 Rxb6 32. b3 Nc6 33. Rc1 Rf7 34. Nc4 Rb8
35. h3 Nb4 36. Re2 Nd3 37. Rc3 Nxf2+ 38. Rxf2 Re7 39. Kh2 Rbe8 40. Qd2 Re1 41.
Ne5 Rb1 42. Nd3 Qxd4 43. Qc2 Ree1 44. Nxe1 Bxc2 0-1

[Event "World Championship (rapid) 2015"]
[Site "Berlin GER"]
[Date "2015.10.10"]
[Round "5"]
[White "Bacrot, Etienne"]
[Black "Fedoseev, Vladimir3"]
[Result "1/2-1/2"]
[WhiteElo "2697"]
[BlackElo "2659"]
[PlyCount "79"]
[EventDate "2015.10.10"]

1. d4 Nf6 2. c4 g6 3. Nc3 d5 4. cxd5 Nxd5 5. e4 Nxc3 6. bxc3 Bg7 7. Bc4 c5 8.
Ne2 O-O 9. O-O Nc6 10. Be3 Bd7 11. Rb1 Qc7 12. Bf4 Qc8 13. d5 Na5 14. Bd3 c4
15. Bc2 e6 16. Qd2 exd5 17. exd5 Qc5 18. Ng3 f5 19. Rfe1 Rfe8 20. d6 Rxe1+ 21.
Rxe1 Nc6 22. h4 Qa5 23. Re3 Bf6 24. Bd1 Ne5 25. Be2 Rc8 26. h5 Kf7 27. Qe1 Re8
28. hxg6+ hxg6 29. Nh5 Qc5 30. Bxc4+ Nxc4 31. Rxe8 Bxe8 32. Nxf6 Nxd6 33. Bxd6
Qxd6 34. Nxe8 Qd7 35. Qe5 Qxe8 36. Qd5+ Kf6 37. Qd4+ Qe5 38. Qxa7 Qxc3 39. Qb6+
Kg5 40. Qxb7 1/2-1/2

[Event "World Championship (rapid) 2015"]
[Site "Berlin GER"]
[Date "2015.10.10"]
[Round "5"]
[White "Tomashevsky, Evgeny"]
[Black "Navara, David"]
[Result "1-0"]
[WhiteElo "2758"]
[BlackElo "2734"]
[PlyCount "81"]
[EventDate "2015.10.10"]

1. Nf3 Nf6 2. c4 g6 3. Nc3 d5 4. cxd5 Nxd5 5. h4 Bg7 6. h5 Nc6 7. g3 Bg4 8. h6
Bf6 9. Bg2 O-O 10. O-O Re8 11. Ne4 Bh8 12. d3 Nd4 13. Nxd4 Bxd4 14. Qa4 Nb6 15.
Qc2 c6 16. Re1 Nd5 17. Bd2 Qb6 18. e3 Bh8 19. Rab1 a5 20. a3 Red8 21. Nc5 e5
22. Qc4 Bc8 23. Rec1 Qc7 24. b4 axb4 25. axb4 b6 26. Ne4 Ba6 27. Qxc6 Bxd3 28.
Qxa8 Rxa8 29. Rxc7 Bxb1 30. Rc1 Ba2 31. Ra1 Ra4 32. Nc5 Ra8 33. Ne4 Ra4 34. Nc3
Nxc3 35. Bxc3 Bb3 36. Rc1 Kf8 37. Bb2 Be6 38. Rc6 Ra2 39. Bc3 Rc2 40. b5 Ke8
41. Bxe5 1-0

[Event "World Championship (rapid) 2015"]
[Site "Berlin GER"]
[Date "2015.10.10"]
[Round "5"]
[White "Eljanov, Pavel"]
[Black "Korobov, Anton"]
[Result "0-1"]
[WhiteElo "2717"]
[BlackElo "2700"]
[PlyCount "74"]
[EventDate "2015.10.10"]

1. d4 Nf6 2. c4 c6 3. Nf3 d5 4. e3 a6 5. Nc3 Bf5 6. Qb3 Ra7 7. cxd5 cxd5 8. Bd2
e6 9. Rc1 Bd6 10. Qa4+ Nc6 11. Ne5 Bxe5 12. dxe5 Nd7 13. f4 O-O 14. Ne2 Nb6 15.
Qd1 Nc4 16. Ng3 Bg6 17. b3 Nb2 18. Qg4 a5 19. Bc3 Nd3+ 20. Bxd3 Bxd3 21. Qd1
Bb5 22. a4 Ba6 23. Bd4 Ra8 24. Bc5 Re8 25. Kf2 Rc8 26. Qg4 f5 27. exf6 Qxf6 28.
Nh5 Qf7 29. Rhd1 Ne5 30. Qg5 Nd3+ 31. Rxd3 Bxd3 32. g4 Bg6 33. Ng3 b6 34. Ba3
Rxc1 35. Bxc1 Rc8 36. Ba3 Qf6 37. h4 Bc2 0-1

[Event "World Championship (rapid) 2015"]
[Site "Berlin GER"]
[Date "2015.10.10"]
[Round "5"]
[White "Wojtaszek, Radoslaw"]
[Black "Onischuk, Alexander"]
[Result "1-0"]
[WhiteElo "2734"]
[BlackElo "2662"]
[PlyCount "85"]
[EventDate "2015.10.10"]

1. d4 Nf6 2. c4 e6 3. Nf3 b6 4. g3 Bb7 5. Bg2 Bb4+ 6. Bd2 c5 7. Bxb4 cxb4 8.
O-O O-O 9. Qb3 a5 10. a3 Na6 11. Nbd2 d5 12. cxd5 Qxd5 13. Qxd5 exd5 14. Ne5
Rab8 15. Rfc1 Rfd8 16. e3 Ne8 17. Bf1 bxa3 18. bxa3 Nac7 19. Rab1 Rd6 20. Bh3
Ne6 21. Rb2 Ng5 22. Bf1 f6 23. Nd3 Ba6 24. Rcb1 Nc7 25. Nc5 Bxf1 26. Kxf1 Nge6
27. Nxe6 Rxe6 28. Nb3 Rd8 29. Rc1 Rd7 30. Rbc2 Nb5 31. a4 Na3 32. Rc8+ Kf7 33.
Nd2 b5 34. axb5 Nxb5 35. R8c5 Rb6 36. Rb1 Rdb7 37. Rxd5 a4 38. Nc4 a3 39. Nxb6
Nc3 40. Ra1 Rxb6 41. Rc5 Rb3 42. Ra5 Nb1 43. Ra2 1-0

[Event "World Championship (rapid) 2015"]
[Site "Berlin GER"]
[Date "2015.10.10"]
[Round "5"]
[White "Anand, Viswanathan"]
[Black "Ponkratov, Pavel"]
[Result "0-1"]
[WhiteElo "2803"]
[BlackElo "2604"]
[PlyCount "106"]
[EventDate "2015.10.10"]

1. e4 e6 2. d4 d5 3. Nc3 Bb4 4. e5 c5 5. a3 Bxc3+ 6. bxc3 Qc7 7. Qg4 f6 8. Nf3
c4 9. h4 Nc6 10. Bf4 h5 11. Qg3 Qf7 12. Be2 Bd7 13. O-O O-O-O 14. a4 Nge7 15.
a5 Nf5 16. Qh2 Rdg8 17. Rfb1 Be8 18. Rb2 Qd7 19. Bd2 Qd8 20. a6 b6 21. Qf4 Rf8
22. exf6 gxf6 23. Ne1 Bg6 24. g3 Nd6 25. Bf1 e5 26. Qf3 Be4 27. Qd1 Rfg8 28.
Bg2 Bxg2 29. Nxg2 Ne4 30. Be1 Qd7 31. Kh2 Ne7 32. Qf3 Qg4 33. Qxg4+ hxg4 34.
Ne3 Kc7 35. Kg2 exd4 36. cxd4 Rh5 37. Bb4 Nc6 38. Re1 Nxb4 39. Rxb4 Nd6 40. c3
Kc6 41. Rbb1 f5 42. Nc2 Ne4 43. Nb4+ Kd6 44. Rbc1 f4 45. gxf4 Rf8 46. f3 gxf3+
47. Kxf3 Rxh4 48. Nxd5 Kxd5 49. Rxe4 Rh3+ 50. Kg4 Kxe4 51. Kxh3 Rxf4 52. Kg2
Kd3 53. d5 Rf7 0-1

[Event "World Championship (rapid) 2015"]
[Site "Berlin GER"]
[Date "2015.10.10"]
[Round "5"]
[White "Ivanisevic, Ivan"]
[Black "Kramnik, Vladimir"]
[Result "0-1"]
[WhiteElo "2653"]
[BlackElo "2777"]
[PlyCount "106"]
[EventDate "2015.10.10"]

1. d4 d5 2. c4 e6 3. Nc3 Nf6 4. cxd5 exd5 5. Bg5 c6 6. e3 Bf5 7. Qf3 Bg6 8.
Bxf6 Qxf6 9. Qxf6 gxf6 10. Nf3 Nd7 11. Nh4 Be7 12. g3 Nb6 13. Kd2 Nc8 14. Bd3
Nd6 15. b3 O-O-O 16. f3 Rhe8 17. Rac1 Kb8 18. Ne2 Nc8 19. Nf4 Bb4+ 20. Ke2 Nd6
21. g4 Re7 22. a4 Rde8 23. Nhg2 Nc8 24. Rc2 Bd6 25. Nh5 Bxh5 26. gxh5 h6 27.
Kf2 Bb4 28. Re2 Nd6 29. Rc1 f5 30. f4 Ne4+ 31. Bxe4 fxe4 32. Nh4 Re6 33. Rec2
Rf6 34. Rg1 b6 35. Ke2 c5 36. Rd1 Rd8 37. a5 Kb7 38. axb6 axb6 39. Ra2 Bc3 40.
dxc5 bxc5 41. Rc2 Bb4 42. Ra2 d4 43. Rda1 d3+ 44. Kf2 Rdd6 45. Ra7+ Kc6 46. Re7
Rde6 47. Rea7 Kb5 48. Rb7+ Rb6 49. Rba7 Bc3 50. Rb1 Ra6 51. Rb7+ Kc6 52. Re7
Ra2+ 53. Kg3 d2 0-1

[Event "World Championship (rapid) 2015"]
[Site "Berlin GER"]
[Date "2015.10.10"]
[Round "5"]
[White "Socko, Bartosz"]
[Black "Vachier-Lagrave, Maxime"]
[Result "1-0"]
[WhiteElo "2599"]
[BlackElo "2758"]
[PlyCount "59"]
[EventDate "2015.10.10"]

1. e4 c5 2. Nf3 d6 3. d4 cxd4 4. Nxd4 Nf6 5. Nc3 a6 6. Be3 Ng4 7. Bg5 h6 8. Bh4
g5 9. Bg3 Bg7 10. Be2 h5 11. Bxg4 hxg4 12. O-O Nc6 13. Nf5 Bxc3 14. bxc3 Qa5
15. Qxg4 f6 16. f4 Bxf5 17. exf5 gxf4 18. Qxf4 Qxc3 19. Rae1 Kd7 20. Qe4 Rag8
21. Re3 Qd4 22. Qe6+ Kc7 23. Bf2 Qg4 24. Qd5 Rg5 25. Rb1 Rb8 26. Rc3 Kd8 27. h3
Qf4 28. Rxc6 bxc6 29. Rxb8+ Kc7 30. Qb3 1-0

[Event "World Championship (rapid) 2015"]
[Site "Berlin GER"]
[Date "2015.10.10"]
[Round "5"]
[White "Safarli, Eltaj"]
[Black "Svidler, Peter"]
[Result "1/2-1/2"]
[WhiteElo "2657"]
[BlackElo "2727"]
[PlyCount "71"]
[EventDate "2015.10.10"]

1. e4 c5 2. Nf3 e6 3. Nc3 a6 4. g3 b5 5. Bg2 Bb7 6. d4 cxd4 7. Nxd4 Nc6 8. O-O
Nxd4 9. Qxd4 Ne7 10. Re1 Nc6 11. Qd1 d6 12. a4 b4 13. Nd5 exd5 14. exd5+ Ne5
15. f4 Be7 16. fxe5 dxe5 17. Rxe5 O-O 18. Re1 Bf6 19. a5 Qd7 20. Qd3 Rad8 21.
Rd1 Rfe8 22. c4 bxc3 23. bxc3 Qc7 24. Be3 Qxc3 25. Ra3 Qc8 26. Rb3 h5 27. Rb6
Qd7 28. Bf4 Be5 29. Bxe5 Rxe5 30. Qb3 Bxd5 31. Bxd5 Rxd5 32. Qxd5 Qxd5 33. Rxd5
Rxd5 34. Rxa6 Rd1+ 35. Kg2 Rd2+ 36. Kg1 1/2-1/2

[Event "World Championship (rapid) 2015"]
[Site "Berlin GER"]
[Date "2015.10.10"]
[Round "5"]
[White "Bachmann, Axel"]
[Black "Inarkiev, Ernesto"]
[Result "1/2-1/2"]
[WhiteElo "2593"]
[BlackElo "2660"]
[PlyCount "100"]
[EventDate "2015.10.10"]

1. Nf3 d5 2. g3 c6 3. Bg2 Bg4 4. c4 e6 5. cxd5 Bxf3 6. Bxf3 cxd5 7. O-O Nf6 8.
d4 Nc6 9. Nc3 Be7 10. e3 O-O 11. Bd2 Rc8 12. Rc1 Qd7 13. Qe2 Ne8 14. Rfd1 Nd6
15. Be1 f5 16. Bg2 Bf6 17. Na4 b6 18. b3 Rc7 19. Nb2 Rfc8 20. Nd3 Ne7 21. Rxc7
Rxc7 22. Rc1 Rxc1 23. Nxc1 Qc6 24. Nd3 a5 25. Bf1 Ne4 26. h4 g6 27. Qb2 Kf7 28.
b4 axb4 29. Bxb4 Qc7 30. Kg2 h6 31. Qc1 Qxc1 32. Nxc1 Nc6 33. Be1 Be7 34. Bb5
Bb4 35. Bxc6 Bxe1 36. Nd3 Ba5 37. Ne5+ Kf6 38. a4 g5 39. hxg5+ hxg5 40. g4 f4
41. Kf3 Nd2+ 42. Ke2 fxe3 43. fxe3 Ke7 44. Bb5 Ne4 45. Nc6+ Kd6 46. Ne5 Ke7 47.
Nc6+ Kf7 48. Ne5+ Kf6 49. Kf3 Nd2+ 50. Ke2 Ne4 1/2-1/2

[Event "World Championship (rapid) 2015"]
[Site "Berlin GER"]
[Date "2015.10.10"]
[Round "5"]
[White "Ganguly, Surya Shekhar"]
[Black "Andreikin, Dmitry"]
[Result "1/2-1/2"]
[WhiteElo "2652"]
[BlackElo "2720"]
[PlyCount "109"]
[EventDate "2015.10.10"]

1. e4 c5 2. Nf3 e6 3. d4 cxd4 4. Nxd4 Nc6 5. Nc3 a6 6. Bf4 d6 7. Nxc6 bxc6 8.
Qd2 Nf6 9. O-O-O d5 10. g4 Bb4 11. Bg2 Qa5 12. g5 Nd7 13. a3 Bxc3 14. Qxc3 Qxc3
15. bxc3 Nb6 16. Rhe1 Bb7 17. Bc7 Na4 18. Ba5 O-O 19. Rd4 c5 20. Rxa4 Bc6 21.
exd5 Bxa4 22. dxe6 fxe6 23. Bxa8 Rxa8 24. Rxe6 Rf8 25. Rxa6 Rxf2 26. Bb6 Rxc2+
27. Kb1 Rxc3 28. Rxa4 Rb3+ 29. Kc2 Rxb6 30. Rc4 Rc6 31. Rf4 h6 32. gxh6 g5 33.
Rf5 Rxh6 34. Rxg5+ Kf7 35. Rxc5 Rxh2+ 36. Kb3 Ke6 37. Kb4 Kd6 38. Rc3 Rb2+ 39.
Ka5 Kd7 40. Ka6 Rb1 41. a4 Rb2 42. a5 Rb1 43. Ka7 Rb2 44. a6 Rb1 45. Rh3 Kc7
46. Rh7+ Kc8 47. Rb7 Ra1 48. Rb5 Kc7 49. Rc5+ Kd7 50. Kb6 Rb1+ 51. Rb5 Rxb5+
52. Kxb5 Kc7 53. Kc5 Kb8 54. Kb6 Ka8 55. a7 1/2-1/2

[Event "World Championship (rapid) 2015"]
[Site "Berlin GER"]
[Date "2015.10.10"]
[Round "5"]
[White "Salem, A.R. Saleh"]
[Black "Ponomariov, Ruslan"]
[Result "0-1"]
[WhiteElo "2624"]
[BlackElo "2710"]
[PlyCount "86"]
[EventDate "2015.10.10"]

1. d4 Nf6 2. c4 e6 3. Nf3 d5 4. Nc3 c6 5. Bg5 h6 6. Bh4 dxc4 7. e4 g5 8. Bg3 b5
9. Be2 Bb7 10. e5 Nd5 11. Nd2 Nd7 12. O-O Qb6 13. a4 a6 14. Nde4 O-O-O 15. Qd2
c5 16. axb5 axb5 17. Nxd5 exd5 18. dxc5 Bxc5 19. Nxc5 Qxc5 20. Bh5 Rhe8 21.
Bxf7 Rxe5 22. Qa5 Re7 23. Bh5 Nf6 24. Bg6 d4 25. Rfe1 Rdd7 26. Rec1 Qd5 27. f3
Re2 28. Ra3 Ng4 29. Bf5 Ne5 30. Bxd7+ Kxd7 31. Bxe5 Rxe5 32. Rd1 d3 33. Qd2 g4
34. Qxh6 gxf3 35. Qh3+ Kc7 36. Qxf3 Qd4+ 37. Qf2 Qxf2+ 38. Kxf2 Re2+ 39. Kg3
Rxg2+ 40. Kf4 Rxb2 41. Rc3 Kb6 42. Ke5 Rxh2 43. Rcc1 Bf3 0-1

[Event "World Championship (rapid) 2015"]
[Site "Berlin GER"]
[Date "2015.10.10"]
[Round "5"]
[White "Grischuk, Alexander"]
[Black "Anton Guijarro, David"]
[Result "1-0"]
[WhiteElo "2774"]
[BlackElo "2634"]
[PlyCount "103"]
[EventDate "2015.10.10"]

1. d4 Nf6 2. Bf4 b6 3. e3 Bb7 4. Nf3 h6 5. h3 e6 6. Bd3 Bd6 7. Bxd6 cxd6 8. c4
O-O 9. Nc3 d5 10. cxd5 Nxd5 11. Nxd5 Bxd5 12. e4 Bb7 13. O-O d6 14. Qd2 Nd7 15.
Rfe1 Rc8 16. Rad1 Qe7 17. Bb1 Rfd8 18. Qd3 Nf8 19. h4 Ng6 20. g3 Qf6 21. h5 Nf8
22. Re3 Rc7 23. Qd2 Rdc8 24. Kg2 Nh7 25. Ra3 Nf8 26. Qe3 Ba8 27. Bd3 Nd7 28.
Ba6 Rd8 29. Bb5 Rdc8 30. Ba6 Rd8 31. Bd3 Qe7 32. Rc3 Rxc3 33. bxc3 Rc8 34. c4
e5 35. Nh4 exd4 36. Qxd4 Qe5 37. Bb1 Nf6 38. f3 Nxh5 39. Nf5 Kf8 40. Qxd6+ Qxd6
41. Nxd6 Rd8 42. e5 g6 43. Rh1 Ke7 44. Kf2 Ke6 45. g4 Nf4 46. Rxh6 Rd7 47. Bf5+
Kxe5 48. Bxd7 Kxd6 49. Be8 Ke7 50. Rh8 Nd3+ 51. Kg3 Ne5 52. f4 1-0

[Event "World Championship (rapid) 2015"]
[Site "Berlin GER"]
[Date "2015.10.10"]
[Round "5"]
[White "Maze, Sebastien"]
[Black "Dominguez Perez, Leinier"]
[Result "0-1"]
[WhiteElo "2582"]
[BlackElo "2732"]
[PlyCount "58"]
[EventDate "2015.10.10"]

1. e4 c5 2. Nf3 d6 3. Bb5+ Nd7 4. c3 Ngf6 5. Qe2 a6 6. Ba4 b5 7. Bc2 Bb7 8. d4
cxd4 9. cxd4 g6 10. O-O Bg7 11. a3 O-O 12. Nc3 Rc8 13. Bg5 h6 14. Bxf6 Bxf6 15.
Rfd1 Bg7 16. h4 e6 17. Rac1 Qb6 18. Bb1 Rc7 19. Qd2 Nf6 20. Re1 Rfc8 21. Na2
Ng4 22. Rcd1 h5 23. Nc3 a5 24. Ng5 b4 25. axb4 axb4 26. Ne2 Ba6 27. f3 Bxe2 28.
Rxe2 Bxd4+ 29. Qxd4 Qxd4+ 0-1

[Event "World Championship (rapid) 2015"]
[Site "Berlin GER"]
[Date "2015.10.10"]
[Round "5"]
[White "Rublevsky, Sergei"]
[Black "Bluebaum, Matthias"]
[Result "1-0"]
[WhiteElo "2702"]
[BlackElo "2588"]
[PlyCount "69"]
[EventDate "2015.10.10"]

1. e4 e6 2. d4 d5 3. Nd2 c5 4. Ngf3 cxd4 5. exd5 Qxd5 6. Bc4 Qd7 7. O-O Nc6 8.
Nb3 a6 9. Nbxd4 Nxd4 10. Nxd4 Qc7 11. Bb3 Bd6 12. Qh5 Nf6 13. Qh4 Bd7 14. Bg5
Be5 15. Rad1 h6 16. f4 Ne4 17. fxe5 Nxg5 18. Qf4 O-O 19. h4 Nh7 20. Rd3 Kh8 21.
Rg3 Bc6 22. c3 Rad8 23. Bc2 Bd5 24. Rg4 Qe7 25. Qg3 f5 26. exf6 Nxf6 27. Rg6
Nh5 28. Rxf8+ Rxf8 29. Qe5 Nf6 30. c4 Rd8 31. cxd5 Rxd5 32. Qxe6 Qc5 33. Rxh6+
gxh6 34. Qxf6+ Kg8 35. Bb3 1-0

[Event "Romanian Super League 2015"]
[Site "Mamaia"]
[Date "2015.10.10"]
[Round "8"]
[White "Iordachescu, Viorel"]
[Black "Wang, Hao"]
[Result "1/2-1/2"]
[WhiteElo "2583"]
[BlackElo "2712"]
[PlyCount "32"]
[EventDate "2015.10.03"]
[EventType "team"]
[EventRounds "9"]
[WhiteTeam "ACS SAH APA NOVA BUCURESTI"]
[BlackTeam "CLUBUL DE SAH AL MUNICIPIULUI BAIA MARE"]

1. e4 c6 2. d4 d5 3. Nd2 dxe4 4. Nxe4 Bf5 5. Ng3 Bg6 6. h4 h6 7. Nf3 e6 8. Ne5
Bh7 9. Bd3 Bxd3 10. Qxd3 Nd7 11. Bf4 Qa5+ 12. c3 Ngf6 13. Nc4 Qd5 14. Ne3 Qa5
15. Nc4 Qd5 16. Ne3 Qa5 1/2-1/2

[Event "World Championship (rapid) 2015"]
[Site "Berlin GER"]
[Date "2015.10.11"]
[Round "6"]
[White "Mamedyarov, Shakhriyar"]
[Black "Kryvoruchko, Yuriy"]
[Result "0-1"]
[WhiteElo "2736"]
[BlackElo "2710"]
[PlyCount "104"]
[EventDate "2015.10.10"]

1. d4 Nf6 2. Nf3 e6 3. g3 b6 4. Bg2 Bb7 5. O-O Be7 6. c4 O-O 7. Re1 d5 8. Ne5
Nbd7 9. Nc3 Ne4 10. Bf4 Nxe5 11. Bxe5 Nxc3 12. bxc3 c6 13. Qa4 Bd6 14. cxd5
cxd5 15. c4 Bxe5 16. dxe5 Qe7 17. Red1 Rfd8 18. cxd5 Bxd5 19. Bxd5 exd5 20. Qd4
Rac8 21. Rac1 Rc5 22. f4 g6 23. Kg2 Rdc8 24. Rxc5 Rxc5 25. Rd3 Qe6 26. a3 Qc6
27. h3 Qe6 28. Rd2 h5 29. Rd3 Qc8 30. Rd2 Qe6 31. Qa4 Ra5 32. Qb4 Rc5 33. Qa4
Ra5 34. Qb3 Qc6 35. Qf3 Rc5 36. Rd3 Rc2 37. g4 hxg4 38. hxg4 Qe6 39. Rxd5 Rxe2+
40. Kg3 Ra2 41. f5 gxf5 42. gxf5 Qh6 43. Kg4 Qg7+ 44. Kh3 Qh6+ 45. Kg4 Rh2 46.
Qg3 Kh7 47. e6 Rh5 48. Qf2 Qg5+ 49. Kf3 Qxf5+ 50. Rxf5 Rxf5+ 51. Ke3 Rxf2 52.
e7 Rf6 0-1

[Event "World Championship (rapid) 2015"]
[Site "Berlin GER"]
[Date "2015.10.11"]
[Round "6"]
[White "Zhigalko, Sergei"]
[Black "Leko, Peter"]
[Result "1/2-1/2"]
[WhiteElo "2656"]
[BlackElo "2707"]
[PlyCount "48"]
[EventDate "2015.10.10"]

1. e4 e5 2. Nf3 Nc6 3. Bc4 Bc5 4. O-O Nf6 5. d3 d6 6. c3 O-O 7. Nbd2 a6 8. Bb3
h6 9. Re1 Re8 10. Nf1 Ba7 11. Be3 Be6 12. Bxa7 Rxa7 13. Ng3 Ra8 14. d4 Bg4 15.
Qd3 Na5 16. Bc2 c5 17. d5 b5 18. h3 Bd7 19. b3 Nb7 20. Qd2 a5 21. Bd3 b4 22. a4
Nh7 23. Rf1 Nf8 24. c4 Ng6 1/2-1/2

[Event "World Championship (rapid) 2015"]
[Site "Berlin GER"]
[Date "2015.10.11"]
[Round "6"]
[White "Nguyen, Ngoc Truong Son"]
[Black "Kasimdzhanov, Rustam"]
[Result "1/2-1/2"]
[WhiteElo "2634"]
[BlackElo "2704"]
[PlyCount "34"]
[EventDate "2015.10.10"]

1. e4 e5 2. Nf3 Nc6 3. Bb5 a6 4. Ba4 Nf6 5. O-O Bc5 6. d3 b5 7. Bb3 O-O 8. Nc3
h6 9. Be3 d6 10. Nd5 Be6 11. Qe2 Re8 12. c3 Bxd5 13. Bxd5 Nxd5 14. exd5 Nd4 15.
Qd1 Nf5 16. d4 exd4 17. Bxd4 Bxd4 1/2-1/2

[Event "World Championship (rapid) 2015"]
[Site "Berlin GER"]
[Date "2015.10.11"]
[Round "6"]
[White "Onischuk, Vladimir"]
[Black "Tomashevsky, Evgeny"]
[Result "1/2-1/2"]
[WhiteElo "2612"]
[BlackElo "2758"]
[PlyCount "94"]
[EventDate "2015.10.10"]

1. e4 c6 2. d4 d5 3. e5 Bf5 4. h4 h6 5. g4 Bd7 6. f4 h5 7. f5 e6 8. g5 exf5 9.
Nc3 Bb4 10. g6 fxg6 11. a3 Bxc3+ 12. bxc3 Nh6 13. Bg5 Qa5 14. Qd2 Ng4 15. Nh3
Na6 16. Nf4 Kf7 17. c4 Qxd2+ 18. Kxd2 Nc7 19. cxd5 Nxd5 20. Rb1 b6 21. Nxd5
cxd5 22. c4 dxc4 23. Bxc4+ Be6 24. d5 Rhd8 25. Bxd8 Rxd8 26. Kc3 Bxd5 27. Rhd1
Ne3 28. Rxd5 Rxd5 29. Rb5 Nxc4 30. Rxd5 Nxa3 31. Kb3 Ke6 32. Rd6+ Kxe5 33. Rxg6
Nb5 34. Rxg7 Nd4+ 35. Kc3 a5 36. Re7+ Ne6 37. Rb7 Nc5 38. Rh7 Ne4+ 39. Kd3 Nf6
40. Re7+ Kf4 41. Kd4 Ne4 42. Rb7 Kg4 43. Rxb6 Kxh4 44. Rg6 a4 45. Ke5 a3 46.
Kxf5 a2 47. Ra6 Ng3+ 1/2-1/2

[Event "World Championship (rapid) 2015"]
[Site "Berlin GER"]
[Date "2015.10.11"]
[Round "6"]
[White "Vidit, Santosh Gujrathi"]
[Black "Wojtaszek, Radoslaw"]
[Result "1-0"]
[WhiteElo "2651"]
[BlackElo "2734"]
[PlyCount "130"]
[EventDate "2015.10.10"]

1. d4 Nf6 2. c4 e6 3. Nf3 d5 4. Nc3 Bb4 5. Bd2 O-O 6. e3 b6 7. cxd5 exd5 8. Rc1
Be7 9. Bd3 c5 10. O-O Bg4 11. h3 Bh5 12. g4 Bg6 13. Bxg6 hxg6 14. Ne5 Bd6 15.
Qf3 Nbd7 16. Nc6 Qc7 17. Nxd5 Nxd5 18. Qxd5 Rac8 19. Nb4 Nf6 20. Qf3 Qd7 21.
Nc2 Qe6 22. dxc5 bxc5 23. Bc3 Ne4 24. Na3 f5 25. Qe2 Kh7 26. Rcd1 Bb8 27. Kg2
Rce8 28. Qc4 Qe7 29. f4 Nxc3 30. Qxc3 Qe4+ 31. Rf3 Bxf4 32. Qc2 Bxe3 33. Qxe4
Rxe4 34. Re1 f4 35. Nc2 Rd8 36. Re2 Rd2 37. Rxd2 Bxd2 38. Rf2 Bc1 39. b3 g5 40.
Kf3 Re7 41. Rf1 Bb2 42. Rd1 c4 43. bxc4 Rc7 44. Rb1 Bf6 45. Rb4 Rd7 46. Rb3 a5
47. Ne1 Rd2 48. a4 Ra2 49. c5 Rxa4 50. c6 Rc4 51. Rb6 Rc3+ 52. Ke2 a4 53. Ra6
a3 54. c7 Be7 55. Ra7 Bd6 56. Nf3 Bxc7 57. Nxg5+ Kg6 58. h4 Bb6 59. Ra6 Rb3 60.
Nf3 Rb2+ 61. Kd3 Rb3+ 62. Ke4 Rb4+ 63. Kd3 Rb3+ 64. Ke4 Rb4+ 65. Kd3 Rb3+ 1-0

[Event "World Championship (rapid) 2015"]
[Site "Berlin GER"]
[Date "2015.10.11"]
[Round "6"]
[White "Korobov, Anton"]
[Black "Guseinov, Gadir"]
[Result "0-1"]
[WhiteElo "2700"]
[BlackElo "2634"]
[PlyCount "66"]
[EventDate "2015.10.10"]

1. d4 Nf6 2. c4 g6 3. Nc3 Bg7 4. e4 d6 5. Be2 O-O 6. Bg5 a6 7. Nf3 Bg4 8. O-O
Nfd7 9. d5 Re8 10. Rc1 c5 11. a4 b5 12. cxb5 axb5 13. Bxb5 Ne5 14. Bxe8 Qxe8
15. Bf4 Nbd7 16. Nb5 Qf8 17. Bxe5 Nxe5 18. Qb3 Bxf3 19. gxf3 Bh6 20. Rc2 Bf4
21. Kg2 Qh6 22. Rh1 Qg5+ 23. Kf1 Qh5 24. Kg2 Rxa4 25. Qxa4 Qxf3+ 26. Kg1 Qg4+
27. Kf1 Qh3+ 28. Ke1 Qd3 29. f3 Nxf3+ 30. Kf2 Qe3+ 31. Kf1 Qe1+ 32. Kg2 Nh4+
33. Kh3 Qe3+ 0-1

[Event "World Championship (rapid) 2015"]
[Site "Berlin GER"]
[Date "2015.10.11"]
[Round "6"]
[White "Aronian, Levon"]
[Black "Nikolic, Predrag"]
[Result "1-0"]
[WhiteElo "2784"]
[BlackElo "2603"]
[PlyCount "87"]
[EventDate "2015.10.10"]

1. c4 e5 2. Nc3 Nf6 3. Nf3 Nc6 4. g3 Nd4 5. Bg2 Nxf3+ 6. Bxf3 Bb4 7. Qb3 Bc5 8.
O-O O-O 9. Na4 Be7 10. Rd1 c6 11. Nc3 d6 12. d4 Qc7 13. Bg2 Re8 14. h3 h6 15.
Qc2 Be6 16. d5 cxd5 17. cxd5 Bd7 18. e4 b5 19. Qb3 Qb7 20. a3 a5 21. Be3 Reb8
22. Rdc1 Bd8 23. Nd1 a4 24. Qd3 b4 25. axb4 Qxb4 26. Kh2 Bb5 27. Qc2 Qb3 28.
Ra3 Qxc2 29. Rxc2 Ba5 30. Bd2 Be2 31. Ne3 Bb6 32. Be1 Bb5 33. Nf5 Bc5 34. Rac3
Bd7 35. Ne7+ Kf8 36. Nc6 Bxc6 37. dxc6 Rb6 38. f4 Bb4 39. Bf2 Rbb8 40. Rc4 a3
41. bxa3 Bxa3 42. fxe5 dxe5 43. c7 Rc8 44. Ra2 1-0

[Event "World Championship (rapid) 2015"]
[Site "Berlin GER"]
[Date "2015.10.11"]
[Round "6"]
[White "Kramnik, Vladimir"]
[Black "Meier, Georg"]
[Result "1-0"]
[WhiteElo "2777"]
[BlackElo "2654"]
[PlyCount "67"]
[EventDate "2015.10.10"]

1. Nf3 d5 2. d4 Nf6 3. Bf4 c5 4. e3 Nc6 5. Nbd2 Bg4 6. c3 Qb6 7. dxc5 Qxc5 8.
Qb3 Qb6 9. Qxb6 axb6 10. Bb5 Bxf3 11. Nxf3 Nd7 12. Ke2 e6 13. Rhd1 Be7 14. c4
dxc4 15. Nd4 Bf6 16. Nxc6 bxc6 17. Bxc6 O-O-O 18. Bb5 Nc5 19. Bxc4 Kb7 20. Rxd8
Rxd8 21. Rb1 Ne4 22. Bd3 Nxf2 23. Bxh7 Ng4 24. Be4+ Ka6 25. h3 Ne5 26. Rc1 g5
27. Bg3 Bh8 28. Rc7 b5 29. b4 f5 30. Re7 fxe4 31. Rxe6+ Nc6 32. Rxc6+ Kb7 33.
Rc5 Ka6 34. Be5 1-0

[Event "World Championship (rapid) 2015"]
[Site "Berlin GER"]
[Date "2015.10.11"]
[Round "6"]
[White "Ponkratov, Pavel"]
[Black "Bacrot, Etienne"]
[Result "1/2-1/2"]
[WhiteElo "2604"]
[BlackElo "2697"]
[PlyCount "76"]
[EventDate "2015.10.10"]

1. e4 g6 2. d4 d6 3. Nc3 a6 4. h4 Nf6 5. f3 b5 6. Be3 Nbd7 7. Qd2 c6 8. g4 e5
9. h5 Rg8 10. hxg6 hxg6 11. Nh3 Qc7 12. Ng5 Bb7 13. a4 b4 14. Nd1 d5 15. Nf2 c5
16. c3 Rc8 17. dxe5 bxc3 18. bxc3 Nxe5 19. Be2 Rd8 20. Qc2 dxe4 21. Nfxe4 Nxe4
22. Nxe4 Be7 23. g5 Kf8 24. Rb1 Kg7 25. Kf1 Rh8 26. Rxh8 Rxh8 27. Bf4 Bc8 28.
Bg3 Bf5 29. Bxa6 Bd6 30. Nxd6 Bxc2 31. Bxe5+ Kh7 32. Rb7 Qc6 33. Rxf7+ Kg8 34.
Bc4 Bd3+ 35. Bxd3 Qd5 36. Bc4 Rh1+ 37. Kg2 Qd2+ 38. Kxh1 Qg2+ 1/2-1/2